LEADER 03492cam a2200745 c 4500
001 1621062384
003 DE-627
005 20260611204827.0
007 tu
008 860715s1987 xxu||||| 00| ||eng c
020 |a 0253312779  |9 0-253-31277-9 
035 |a (DE-627)1621062384 
035 |a (DE-603)006387438 
035 |a (DE-576)012010588 
035 |a (DE-599)BSZ012010588 
035 |a (OCoLC)1532099786 
035 |a (OCoLC)13333657 
035 |a (DE-604)800670512x 
040 |a DE-627  |b ger  |c DE-627  |e rakwb 
041 |a eng 
044 |c XD-US 
050 0 |a NA5551.T744 
082 0 |a 726/.6/0944331 
082 0 |a 726.60944331  |q LoC  |2 DDC19oclc 
084 |a 9,10  |a 1  |2 ssgn 
084 |a LM 71980  |2 rvk  |0 (DE-625)rvk/101251: 
100 1 |a Murray, Stephen  |d 1945-  |0 (DE-588)188476288  |0 (DE-627)699400422  |0 (DE-576)135345014  |4 aut 
245 1 0 |a Building Troyes cathedral  |b the late Gothic campaigns  |c Stephen Murray 
264 1 |a Bloomington [u.a.]  |b Indiana Univ. Press  |c 1987 
300 |a XVIII, 257 S.  |b Ill. 
336 |a Text  |b txt  |2 rdacontent 
337 |a ohne Hilfsmittel zu benutzen  |b n  |2 rdamedia 
338 |a Band  |b nc  |2 rdacarrier 
505 8 |a Literaturverz. S. 245 - 249 
583 1 |a Archivierung/Langzeitarchivierung gewährleistet  |f SSG  |x XA-DE-BW  |2 pdager  |5 DE-21 
583 1 |a Archivierung/Langzeitarchivierung gewährleistet  |f SSG  |x XA-DE-BW  |2 pdager  |5 DE-16 
583 1 |a Archivierung prüfen  |c 20240324  |f DE-4165  |z 3  |2 pdager 
610 1 0 |a Cathédrale de Saint-Pierre-et-Saint-Paul (Troyes, France) 
648 7 |a Geschichte  |2 gnd 
650 0 |a Architecture, Gothic  |z France  |z Troyes 
651 0 |a Troyes (France)  |x Buildings, structures, etc 
651 7 |0 (DE-588)4224940-5  |0 (DE-627)10498287X  |0 (DE-576)210302291  |a Kathedrale Troyes  |g Troyes  |2 gnd 
689 0 0 |d g  |0 (DE-588)4224940-5  |0 (DE-627)10498287X  |0 (DE-576)210302291  |a Kathedrale Troyes  |g Troyes  |2 gnd 
689 0 1 |a z  |2 gnd  |a Geschichte 1294-1549 
689 0 |5 (DE-627) 
689 1 0 |d g  |0 (DE-588)4224940-5  |0 (DE-627)10498287X  |0 (DE-576)210302291  |a Kathedrale Troyes  |g Troyes  |2 gnd 
689 1 1 |a z  |2 gnd  |a Geschichte 1200-1532 
689 1 |5 (DE-627) 
787 0 8 |i Rezensiert in  |a Klein, Bruno, 1957 -   |t Schriften von Bruno Klein ; 6: [Rezension von: Stephen Murray, Building troyes cathedral - the late Gothic building campaigns]  |d Heidelberg : Universitätsbibliothek Heidelberg, 2016  |h 1 Online-Ressource  |w (DE-627)1551106256  |w (DE-576)481106251 
787 0 8 |i Rezensiert in  |a Davis, Michael T.  |t [Rezension von: Murray, Stephen, Building Troyes Cathedral. The Late Gothic Campaigns]  |d 1989  |w (DE-627)1784349704 
787 0 8 |i Rezensiert in  |a Klein, Bruno, 1957 -   |t [Rezension von: Stephen Murray, Building Troyes Cathedral]  |d Nürnberg : Carl, 1988  |w (DE-627)1738955125 
856 4 2 |u http://scans.hebis.de/HEBCGI/show.pl?00638743_toc.pdf  |m V:DE-605;X:Imageware  |q application/pdf  |3 Inhaltsverzeichnis  |7 1 
889 |w (DE-627)026599686 
935 |a mteo 
935 |i mdedup 
936 r v |a LM 71980  |b Troyes  |k Kunstgeschichte  |k Kunst nach Ländern bzw. Kontinenten  |k Frankreich  |k Kunsttopografie Frankreichs  |k Alphabetische Liste der französischen Orte  |k Orte T  |k Troyes  |0 (DE-627)1271307162  |0 (DE-625)rvk/101251:  |0 (DE-576)201307162 
936 s n |a l300  |2 mzub 
936 s n |a z210  |2 mzub 
951 |a BO 
990 |a Kathedrale Troyes 
990 |a Geschichte 1294-1549 
990 |a Kathedrale Troyes 
990 |a Geschichte 1200-1532 
991 |a Rezensiertes Werk 
999 |a KXP-PPN1621062384  |e 4050802449